Pays frontaliers dont les 1ères lettres se suivent - Statistiques

Statistiques générales
  • Ce quiz a été pris 60 fois
    35 depuis la dernière actualisation
  • Le résultat moyen est 30 sur 50
Statistiques - réponses
Réponse % Correct
Chine
86%
Chine
86%
France
86%
Brésil
79%
Brésil
79%
Espagne
79%
Allemagne
71%
Argentine
71%
Argentine
71%
Belgique
71%
Bolivie
71%
Bolivie
71%
Colombie
71%
Birmanie (Myanmar)
64%
Birmanie (Myanmar)
64%
Chili
64%
Mali
64%
Niger
64%
République Centrafricaine
64%
République Centrafricaine
64%
République démocratique du Congo
64%
Serbie
64%
Soudan
64%
Soudan
64%
Afrique du Sud
57%
Bhoutan
57%
Botswana
57%
République Tchèque :-)
57%
Soudan du Sud
57%
Soudan du Sud
57%
Tchéquie :-)
57%
Burkina Faso
50%
Croatie
50%
Guatemala
50%
Honduras
50%
Irak
50%
Israël
50%
Roumanie
50%
Slovaquie
50%
Slovaquie
50%
Tchad
50%
Bosnie-Herzégovine
43%
Côte d'Ivoire
43%
Danemark (Groenland, île de Hans)
43%
Jordanie
43%
Jordanie
43%
Laos
43%
Turquie
43%
Canada (Nunavut, île de Hans)
36%
Syrie
36%
Aucun quiz correspondant
Distribution des résultats
% des personnes avec chaque résultat
Percentile par nombre de réponses
Votre historique - résultats
Vous n’avez pas pris ce quiz depuis la dernière actualisation